Statistics for Premier League Clubs on a Map

Click here to take the quiz!

General Stats

  • This quiz has been taken 349 times
  • The average score is 16 of 19

Answers on the Map

Answers color-coded by a green-red scale on the quiz's map according to % correct below.
 

Answer Stats

StadiumClub% Correct
Etihad StadiumManchester City
99%
Goodison Park
/ Anfield
Everton / Liverpool
98%
Old TraffordManchester United
98%
Emirates StadiumArsenal
96%
Stamford BridgeChelsea
95%
Villa ParkAston Villa
92%
St James' ParkNewcastle United
92%
New White Hart LaneTottenham Hotspur
91%
London StadiumWest Ham United
89%
King Power StadiumLeicester City
86%
St Mary's StadiumSouthampton
85%
Molineux StadiumWolverhampton Wanderers
83%
Craven CottageFulham
82%
Elland RoadLeeds United
81%
Falmer StadiumBrighton & Hove Albion
80%
Selhurst ParkCrystal Palace
79%
Turf MoorBurnley
74%
Bramall LaneSheffield United
67%
The HawthornsWest Bromwich Albion
63%

Score Distribution

Percentile by Number Answered

Percent of People with Each Score

Your Score History

You have not taken this quiz